| 000 | 00843nam a22002537a 4500 | ||
|---|---|---|---|
| 003 | CBULib | ||
| 005 | 20240111093920.0 | ||
| 008 | 230719b |||||||| |||| 00| 0 eng d | ||
| 020 | _a9780199566327 | ||
| 040 |
_aLC _cCBULib _dCBULib _bEnglish _erda |
||
| 041 | _aeng | ||
| 050 | _aQA 275 Hug | ||
| 100 | 1 |
_9130 _aHughes, Ifan, _d1968- |
|
| 245 |
_aMeasurements and their uncertainties : a practical guide to modern error analysis _c/ by Ifan G. Hughes and Thomas P. A. Hase |
||
| 260 |
_aOxford : _bOxford University Press, _c2010 |
||
| 300 | _axiii, 136 pages : illustrations | ||
| 336 |
_2rdacontent _aText | _btxt |
||
| 337 |
_2rdacontent _aUnmediated | _bn |
||
| 338 |
_2rdacontent _aVolume _bnc |
||
| 650 | 0 |
_9136 _aERROR ANALYSIS (MATHEMATICS) |
|
| 650 | 0 |
_aMATHEMATICS _9926 |
|
| 700 | 1 |
_9134 _aHase, Thomas P. A. |
|
| 942 |
_2lcc _c002 |
||
| 999 |
_c81193 _d81193 |
||